[Event "Managua Hurtado Memorial 16th"]
[Site "Managua"]
[Date "2016.12.27"]
[Round "3"]
[White "Godoy Barbosa, Jaime"]
[Black "Mendez, Paulino"]
[Result "0-1"]
[WhiteElo "1558"]
[BlackElo "1780"]
[PlyCount "120"]
[EventDate "2016.12.26"]
[EventType "swiss"]
[EventRounds "9"]
[EventCountry "NCA"]
[SourceTitle "CBM 176 Extra"]
[Source "ChessBase"]
[SourceDate "2017.03.02"]
[SourceVersion "1"]
[SourceVersionDate "2017.03.02"]
[SourceQuality "1"]

1. e4 e6 2. d4 d5 3. Nd2 c5 4. Ngf3 Qb6 5. exd5 exd5 6. c3 Bd6 7. Bd3 Ne7 8. dxc5 Bxc5 9. 0-0 0-0 10. Nb3 Bd6 11. h3 Nbc6 12. Qc2 h6 13. Be3 Qc7 14. Nbd4 a6 15. a3 Bf4 16. Nxc6 bxc6 17. Qd2 Bxe3 18. Qxe3 Nf5 19. Qe5 Nd6 20. Rfe1 Bd7 21. Qf4 Rfe8 22. Ne5 Be6 23. Qg3 Nc4 24. b4 Nxe5 25. Qxe5 Qxe5 26. Rxe5 a5 27. Ree1 Kf8 28. f4 Ra7 29. f5 Bd7 30. Rxe8+ Kxe8 31. g4 axb4 32. cxb4 Ke7 33. Kf2 Kd6 34. Ke3 c5 35. bxc5+ Kxc5 36. Rc1+ Kd6 37. Ra1 Ke5 38. Bc2 d4+ 39. Kd2 Bc6 40. a4 Kf4 41. Ra3 Be4 42. Bxe4 Kxe4 43. a5 h5 44. a6 hxg4 45. hxg4 Kf4 46. Kd3 Kxg4 47. Kxd4 Kxf5 48. Kc5 g5 49. Kb6 Ra8 50. Kb7 Rf8 51. a7 g4 52. a8Q Rxa8 53. Kxa8 Kf4 54. Kb7 g3 55. Kc6 g2 56. Ra1 f5 57. Kd5 Kg4 58. Ke5 f4 59. Ra8 f3 60. Ke4 f2 0-1

[Event "NCA-chT"]
[Site "Managua"]
[Date "2015.11.15"]
[Round "3.4"]
[White "Mendez, Paulino"]
[Black "Ferrufino, Michelle"]
[Result "1/2-1/2"]
[WhiteElo "1758"]
[BlackElo "1802"]
[PlyCount "111"]
[EventDate "2015.11.14"]
[EventType "team-tourn"]
[EventRounds "9"]
[EventCountry "NCA"]
[SourceTitle "EXT 2018"]
[Source "ChessBase"]
[SourceDate "2017.10.13"]
[SourceVersion "1"]
[SourceVersionDate "2017.10.13"]
[SourceQuality "1"]
[WhiteTeam "Joaking Cuadra"]
[BlackTeam "St Augustine School"]
[WhiteTeamCountry "NCA"]
[BlackTeamCountry "NCA"]

1. d4 d5 2. c4 e6 3. Nc3 f5 4. Nf3 Nf6 5. Bf4 c6 6. e3 Be7 7. Bd3 0-0 8. Rc1 Ne4 9. h4 Nd7 10. g3 Qa5 11. a3 Ndf6 12. Ne5 Bd6 13. f3 Nxc3 14. Qd2 Qd8 15. Rxc3 Nh5 16. c5 Nxf4 17. exf4 Bxe5 18. fxe5 Bd7 19. Qg2 b6 20. b4 bxc5 21. Rxc5 a5 22. b5 cxb5 23. Bxb5 Bxb5 24. Rxb5 Rb8 25. a4 Rxb5 26. axb5 Qb6 27. Qb2 Rc8 28. Ke2 Rc4 29. Rc1 Rb4 30. Rc8+ Kf7 31. Qc3 Qxb5+ 32. Qd3 Rb2+ 33. Ke3 Rb3 34. Rc3 Qxd3+ 35. Kxd3 Rb7 36. Ra3 Ra7 37. Kc3 Kg6 38. Kb3 Kh5 39. f4 Kg4 40. Ka4 h6 41. Kb5 g5 42. hxg5 hxg5 43. fxg5 Kxg5 44. Kb6 Rg7 45. Rxa5 Kg4 46. Ra3 Kh3 47. Kc5 Rxg3 48. Ra8 f4 49. Rf8 f3 50. Kd6 Kg2 51. Kxe6 f2 52. Rxf2+ Kxf2 53. Kxd5 Ke3 54. e6 Rg4 55. e7 Rxd4+ 56. Ke6 1/2-1/2